LEADER 02106nam a2200385 a 4500 001 000000129650 003 CaOOAMICUS 005 20130212101133.0 008 120713s2011 it u000 u ita r 020 $a978-88-8272-751-2 040 $aPUL$bita 082 04$a241 100 1 $aBiagetti, Alessandro.$0(OLS)http://pul/name/83010 245 10$aReligio del cuore e trasformazione in Cristo :$buna proposta per la teologia morale fondamentale a partire dalla fenomenologia di Dietrich von Hildebrand /$cAlessandro Biagetti. 260 $a[S.l.] :$bFacoltà Teologica dell'Italia Centrale ;$aFirenze, Siena :$bCantagalli,$c2011. 300 $a349 p. ;$c21 cm 490 1 $aRicerche. Collana della Facoltà Teologica dell'Italia Centrale ;$v03 502 $aEstratto da tesi -- Facoltà Teologica dell'Italia Centrale. 2011 504 $aBibliografia: p. 339-349. 600 14$aHildebrand, Dietrich von.$0(OLS)http://pul/subject/19156 650 4$aTeologia morale$xStudi.$0(OLS)http://pul/subject/5138 710 2 $aFacoltà teologica dell'Italia centrale.$kTesi.$0(OLS)http://pul/name/82533 830 0$aRicerche (Collana della Facoltà Teologica dell'Italia Centrale) ;$v03.$0(OLS)http://pul/title/157753 850 $aPUL 852 $aPUL$W1$xDP1 Tesi Fac. It. Centrale$y118$m2011 B 3$j144840$qTesi$B152148$CPULBib$Z2$F152148 $82 852 $aPUL$W1$xSL Religione 3$y85$m241 BIAAL 1$j150127$qDDC 21$B148665$CPULBib$Z2$F148665 $H120471 $82 941 1 $a9 941 1 $a16 960 $aVon Hildebrand, Dietrich$919156 996 $6020$a978-88-8272-751-2$9(OLS)http://pul/number/150273 996 $6082$a241$9(OLS)http://pul/classification/246 996 $6245$aReligio del cuore e trasformazione in Cristo :$buna proposta per la teologia morale fondamentale a partire dalla fenomenologia di Dietrich von Hildebrand$9(OLS)http://pul/title/163874 996 $6260$a[S.l.] :$bFacoltà Teologica dell'Italia Centrale$9(OLS)http://pul/publisher/81557 996 $6260$aFirenze, Siena :$bCantagalli$9(OLS)http://pul/publisher/82035 LEADER 01394nam a2200277 u 4500 001 000000112391 003 CaOOAMICUS 005 20080707152355.0 008 080707s2008 it u000 u ita u 020 $z978-88-215-6195-5* 040 $aPUL$bita$dLDB 100 1 $aTanzella-Nitti, Giuseppe.$0(OLS)http://pul/name/28404 245 10$aFilosofia e rivelazione :$battese della ragione, sorprese dell'annuncio cristiano /$cGiuseppe Tanzella-Nitti. 260 $aCinisello Balsamo :$bSan Paolo,$c2008. 300 $a246 p. ;$c21 cm 490 1 $aUniverso teologia.$aTeologia fondamentale ;$v88 504 $aInclude riferimenti bibliografici. 650 4$aRivelazione.$0(OLS)http://pul/subject/3064 830 0$aUniverso teologia.$pTeologia fondamentale ;$v88.$0(OLS)http://pul/title/74757 850 $aPUL 852 $aPUL$W1$xSL Religione 3$y85$m210 TANGI 1$j128580$qDDC 21$B127514$CPULBib$Z2$F127514 $H107905 $82 852 $aPUL$W1$xSL Religione 3$y85$m210 TANGI 1B$j194554$b2. copia$qDDC 21$B199603$CPULBib$Z2$F199603 $H131984 $81 941 1 $a9 996 $6020$z978-88-215-6195-5*$9(OLS)http://pul/number/138311 996 $6245$aFilosofia e rivelazione :$battese della ragione, sorprese dell'annuncio cristiano$9(OLS)http://pul/title/141246 996 $6260$aCinisello Balsamo :$bSan Paolo$9(OLS)http://pul/publisher/54577